[Event "POL-chT U19 Wielkopolskie"]
[Site "Poland"]
[Date "2016.02.14"]
[Round "3.20"]
[White "Zurawski, Kamil"]
[Black "Markiewicz, Krzysztof"]
[Result "1-0"]
[WhiteElo "1673"]
[BlackElo "1355"]
[PlyCount "35"]
[EventDate "2016.02.13"]
[EventType "team-tourn"]
[EventRounds "9"]
[EventCountry "POL"]
[SourceTitle "EXT 2019"]
[Source "ChessBase"]
[SourceDate "2018.10.10"]
[SourceVersion "1"]
[SourceVersionDate "2018.10.10"]
[SourceQuality "1"]

1. e4 c5 2. Nc3 d6 3. f4 Nf6 4. Nf3 g6 5. Bc4 Bg7 6. 0-0 a6 7. a4 Nc6 8. d3 0-0 9. Qe1 Nb4 10. Qh4 Nxc2 11. Rb1 Rb8 12. f5 gxf5 13. Bh6 Bxh6 14. Qxh6 Be6 15. Ng5 Bxc4 16. Rxf5 Be6 17. Rxf6 exf6 18. Qxh7# 1-0